00313nam a2200121Ia 450000500170000000800410001704100080005810000290006624500520009525000080014726000280015530000080018320251013221641.0251010s9999 xx 000 0 und d amar aमंत्री र. aसोमनाथ ते साबरमती a1ST bIndrayani Sahityac1988 a190